У истоков лейбористской партии: 1889-1900 гг.

Библиографические подробности
Главный автор: Виноградов В. Н.
Язык:русский
Опубликовано: Москва, Наука, 1965
Предметы:
Формат: MixedMaterials Книга
Запись в KOHA:https://koha.lib.tpu.ru/cgi-bin/koha/opac-detail.pl?biblionumber=17104

MARC

LEADER 00000nam0a2200000 4500
001 17104
005 20231030190729.0
035 |a (RuTPU)RU\TPU\book\17235 
035 |a BOOK00001923 
090 |a 17104 
100 |a 20011209d1965 k y0rusy50 ca 
101 0 |a rus 
102 |a RU 
105 |a y z 000zy 
200 1 |a У истоков лейбористской партии  |e 1889-1900 гг.  |f В. Н. Виноградов 
210 |a Москва  |c Наука  |d 1965 
215 |a 445 с. 
610 1 |a история 
610 1 |a Англия 
610 1 |a Великобритания 
610 1 |a 19 век 
610 1 |a рабочее движение 
610 1 |a лейбористская партия 
686 |a Т3(4Вл)  |v LBC/SL-A  |2 rubbk 
700 1 |a Виноградов  |b В. Н. 
801 0 |a RU  |b 63413507  |c 20011209  |g PSBO 
801 2 |a RU  |b 63413507  |c 20080324  |g PSBO 
942 |c BK